Traité complet de controles et expertises comptables industrie-commerce-banque
Guardado en:
| Autor principal: | |
|---|---|
| Formato: | Libro |
| Lenguaje: | francés |
| Publicado: |
Paris
Dunot
1946
|
| Edición: | 4. éd. revue et considérablement augmentés |
| Etiquetas: |
Sin Etiquetas, Sea el primero en etiquetar este registro!
|
MARC
| LEADER | 00000nam a2200000 4500 | ||
|---|---|---|---|
| 001 | c126639 | ||
| 005 | 20041019155238.5 | ||
| 041 | 0 | |a fre | |
| 044 | |a FR | ||
| 245 | 1 | 0 | |a Traité complet de controles et expertises comptables |b industrie-commerce-banque |c Jules Baude |
| 250 | |a 4. éd. revue et considérablement augmentés | ||
| 264 | 1 | |a Paris |b Dunot |c 1946 | |
| 300 | |a 522 s. | ||
| 500 | |a Prít.: Belvaux, Paul-A.: Procédure d'expertise judiciaire | ||
| 100 | 1 | |a Baude, Jules | |